[Event "Online Olym Div2 C 2021"]
[Site "chess.com INT"]
[Date "2021.09.03"]
[Round "5.2"]
[Board "4"]
[White "Machlik, Monika"]
[Black "Monteiro, Sara Cristina da Silva"]
[Result "1-0"]
[BlackTitle "WCM"]
[WhiteElo "2096"]
[BlackElo "1662"]
[WhiteTeam "Norway"]
[BlackTeam "Portugal"]
[WhiteFideId "1513621"]
[BlackFideId "1909860"]
[EventDate "2021.09.02"]
[EventType "team"]

1. d4 Nf6 2. Nf3 d5 3. c4 c6 4. e3 Bg4 5. Bd3 e6 6. Nbd2 Bb4 7. O-O O-O 8. Qb3
Bxd2 9. Nxd2 b6 10. Qc2 Nbd7 11. b3 Re8 12. Bb2 Nf8 13. e4 dxe4 14. Nxe4 Nxe4
15. Bxe4 Rc8 16. Bxc6 Bf5 17. Be4 Qg5 18. Bxf5 Qxf5 19. Qxf5 exf5 20. Rfe1 Nd7
21. Kf1 f6 22. Rxe8+ Rxe8 23. Re1 Kf7 24. Rxe8 Kxe8 25. Ke2 Ke7 26. Kd3 Kd6 27.
Ba3+ Ke6 28. f4 g5 29. g3 h5 30. d5+ Kf7 31. Kd4 Nb8 32. Bd6 Nd7 33. b4 a6 34.
a4 gxf4 35. gxf4 Nf8 36. Bxf8 Kxf8 37. c5 bxc5+ 38. bxc5 Ke7 39. c6 Kd6 40. h4
a5 41. Kc4 Kc7 42. Kc5 Kd8 43. d6 Kc8 44. Kb6 Kb8 45. d7 1-0

[Event "Online Olym Div2 C 2021"]
[Site "chess.com INT"]
[Date "2021.09.03"]
[Round "5.2"]
[Board "5"]
[White "Veiga, Jose Francisco R P Neves"]
[Black "Ranaldi, Lucas"]
[Result "1-0"]
[WhiteTitle "FM"]
[BlackTitle "FM"]
[WhiteElo "2369"]
[BlackElo "2325"]
[WhiteTeam "Portugal"]
[BlackTeam "Norway"]
[WhiteFideId "1930087"]
[BlackFideId "1519484"]
[EventDate "2021.09.02"]
[EventType "team"]

1. e4 c6 2. Nf3 d5 3. Nc3 Bg4 4. h3 Bxf3 5. Qxf3 Nf6 6. g3 e6 7. Bg2 Bc5 8. O-O
Nbd7 9. Qd1 dxe4 10. Nxe4 Nxe4 11. Bxe4 Nf6 12. Bg2 Qc7 13. d4 O-O-O 14. Bf4 Bd6
15. Bxd6 Rxd6 16. c3 c5 17. Qa4 Ra6 18. Qb5 cxd4 19. cxd4 Rb6 20. Qg5 Qe7 21.
Qxg7 Rg8 22. Qh6 Kb8 23. Qf4+ Rd6 24. Rac1 Rc8 25. Rc5 Nd7 26. Rxc8+ Kxc8 27.
Rc1+ Kb8 28. Qe4 Nf6 29. Qe5 a6 30. Rc3 Ka8 31. Rc8+ Ka7 32. Qc5+ b6 33. Ra8# 1-0

[Event "Online Olym Div2 C 2021"]
[Site "chess.com INT"]
[Date "2021.09.03"]
[Round "5.2"]
[Board "6"]
[White "Lindstad, Livia"]
[Black "Silva, Ana Ines Teixeira Da"]
[Result "1/2-1/2"]
[BlackTitle "WCM"]
[WhiteElo "1742"]
[BlackElo "1804"]
[WhiteTeam "Norway"]
[BlackTeam "Portugal"]
[WhiteFideId "1532405"]
[BlackFideId "1932543"]
[EventDate "2021.09.02"]
[EventType "team"]

1. e4 Nf6 2. e5 Nd5 3. d4 d6 4. Nf3 dxe5 5. Nxe5 Nc6 6. Nf3 Bg4 7. Be2 e6 8. h3
Bh5 9. Bg5 Be7 10. Bxe7 Qxe7 11. c4 Nf4 12. g4 Bg6 13. Qd2 Nxe2 14. Qxe2 O-O-O
15. Qe3 Kb8 16. O-O h5 17. g5 f6 18. Nh4 Bxb1 19. Raxb1 Qd7 20. d5 exd5 21. cxd5
Qxd5 22. g6 Rhe8 23. Qg3 Re5 24. Rfd1 Qxd1+ 25. Rxd1 Rxd1+ 26. Kh2 a6 27. Qb3
Ree1 28. Qg8+ Ka7 29. Qxg7 Rh1+ 30. Kg3 Rdg1+ 31. Ng2 h4+ 32. Kf3 Ne5+ 33. Ke3
Rxg2 34. Qxc7 Rxh3+ 35. Ke4 Rg4+ 36. Kf5 Rf3+ 37. Ke6 Nxg6 38. Qc5+ Kb8 39. Qd6+
Ka7 40. Qc5+ Ka8 41. Qc8+ Ka7 42. Qc5+ 1/2-1/2

[Event "Online Olym Div2 C 2021"]
[Site "chess.com INT"]
[Date "2021.09.03"]
[Round "5.3"]
[Board "1"]
[White "Nabaty, Tamir"]
[Black "Doluweera, Minul Sanjula"]
[Result "1-0"]
[WhiteTitle "GM"]
[BlackTitle "FM"]
[WhiteElo "2638"]
[BlackElo "2129"]
[WhiteTeam "Israel"]
[BlackTeam "Sri Lanka"]
[WhiteFideId "2809052"]
[BlackFideId "9910760"]
[EventDate "2021.09.02"]
[EventType "team"]

1. b3 e5 2. Bb2 Nc6 3. e3 Nf6 4. Bb5 Bd6 5. Ne2 O-O 6. Ng3 Re8 7. O-O a6 8. Be2
Bf8 9. c4 d5 10. cxd5 Nxd5 11. Nc3 Be6 12. Nxd5 Bxd5 13. f4 e4 14. Qc2 Qd7 15.
a3 Rad8 16. b4 Na7 17. d3 exd3 18. Bxd3 Bxg2 19. Bxh7+ Kh8 20. Kxg2 Qd2+ 21. Rf2
Qxe3 22. Raf1 Nb5 23. Re2 Qb6 24. Rxe8 Rxe8 25. Bd3 Nd4 26. Qc4 Ne6 27. f5 Ng5
28. f6 g6 29. Qh4+ Nh7 30. Bxg6 1-0

[Event "Online Olym Div2 C 2021"]
[Site "chess.com INT"]
[Date "2021.09.03"]
[Round "5.3"]
[Board "2"]
[White "Alahakoon, Isuru"]
[Black "Smirin, Ilia"]
[Result "0-1"]
[WhiteTitle "FM"]
[BlackTitle "GM"]
[WhiteElo "2022"]
[BlackElo "2616"]
[WhiteTeam "Sri Lanka"]
[BlackTeam "Israel"]
[WhiteFideId "9900993"]
[BlackFideId "2801990"]
[EventDate "2021.09.02"]
[EventType "team"]

1. d4 Nf6 2. Nf3 g6 3. Bg5 Bg7 4. Nbd2 O-O 5. c3 d6 6. e4 c5 7. dxc5 dxc5 8. Bc4
Nc6 9. Qe2 Qc7 10. O-O Nh5 11. Rfe1 Na5 12. Bb5 a6 13. Ba4 b5 14. Bc2 e5 15. Nf1
Nf4 16. Bxf4 exf4 17. N1d2 Bb7 18. e5 Rae8 19. Be4 Nc6 20. a4 Nxe5 21. axb5
Nxf3+ 22. Qxf3 Bxe4 23. Rxe4 axb5 24. h3 Rd8 25. Nb3 g5 26. Rae1 Qd6 27. Qe2 Qd5
28. Nc1 c4 29. Na2 Qd2 30. Nb4 Qxe2 31. R1xe2 f5 32. Re7 g4 33. Rb7 Rd1+ 34. Kh2
Ra8 35. Nc2 f3 36. gxf3 gxf3 37. Ree7 Bf8 38. Re6 Bd6+ 39. Rxd6 Rxd6 40. Nd4 Rg6
41. Nxf3 Re8 42. Nd4 f4 43. Rxb5 f3 44. Rf5 Rg2+ 0-1

[Event "Online Olym Div2 C 2021"]
[Site "chess.com INT"]
[Date "2021.09.03"]
[Round "5.3"]
[Board "3"]
[White "Gutmakher, Olga"]
[Black "Premanath, Dinushki"]
[Result "0-1"]
[WhiteTitle "WIM"]
[BlackTitle "WFM"]
[WhiteElo "2236"]
[BlackElo "1793"]
[WhiteTeam "Israel"]
[BlackTeam "Sri Lanka"]
[WhiteFideId "2807602"]
[BlackFideId "9903542"]
[EventDate "2021.09.02"]
[EventType "team"]

1. e4 c5 2. Nf3 a6 3. Nc3 e6 4. d4 cxd4 5. Nxd4 Qc7 6. Bd3 Nf6 7. O-O Nc6 8. Nf3
Be7 9. Qe2 d6 10. Bf4 O-O 11. e5 dxe5 12. Bxe5 Nxe5 13. Nxe5 Bd6 14. f4 b5 15.
Ne4 Nxe4 16. Qxe4 f5 17. Qe2 Bb7 18. Rae1 Rf6 19. c3 Rd8 20. Bc2 Rh6 21. Bb3
Bxe5 22. Qxe5 Qb6+ 23. Rf2 Rg6 24. Bxe6+ Kh8 25. Bd5 Bxd5 26. Qxd5 h6 27. Qxf5
Rgd6 28. Qc2 Kg8 29. Kf1 Qc5 30. b4 Qc4+ 31. Qe2 Qxc3 32. g3 Qxb4 33. Qe4 Qxe4
34. Rxe4 Rd1+ 35. Kg2 R1d2 36. Ree2 Rxe2 37. Rxe2 Kf7 38. Kf3 Rd4 39. Kg4 Kf6
40. h4 a5 41. Rc2 Rd6 42. h5 a4 43. Rc5 Rb6 44. Rf5+ Ke7 45. Rc5 b4 46. Rc1 b3
47. axb3 axb3 48. Kf5 Rb5+ 49. Kg6 b2 50. Rb1 Kf8 51. g4 Rb6+ 52. Kh7 Kf7 53. g5
hxg5 54. fxg5 Rb5 55. g6+ Kf6 56. Rf1+ Rf5 57. Rb1 Rxh5+ 58. Kg8 Rb5 59. Kh7 Rb7
60. Rf1+ Ke6 61. Rb1 Kf6 62. Rf1+ Ke6 63. Rb1 Kd5 64. Kh8 Kc4 65. Kh7 Kd3 66.
Rxb2 Rxb2 67. Kxg7 Ke4 68. Kh8 Kf5 69. g7 Rh2+ 70. Kg8 Kf6 71. Kf8 Ra2 72. g8=Q
Ra8# 0-1

[Event "Online Olym Div2 C 2021"]
[Site "chess.com INT"]
[Date "2021.09.03"]
[Round "5.3"]
[Board "4"]
[White "Tharushi, T H D Niklesha"]
[Black "Lahav, Michal"]
[Result "1-0"]
[WhiteTitle "WCM"]
[BlackTitle "WIM"]
[WhiteElo "1711"]
[BlackElo "2127"]
[WhiteTeam "Sri Lanka"]
[BlackTeam "Israel"]
[WhiteFideId "9918264"]
[BlackFideId "2813742"]
[EventDate "2021.09.02"]
[EventType "team"]

1. d4 Nf6 2. c4 c5 3. d5 e6 4. Nc3 exd5 5. cxd5 d6 6. g3 g6 7. Bg2 Bg7 8. Nf3
O-O 9. O-O Re8 10. h3 a6 11. a4 Nbd7 12. Bf4 Qe7 13. Nd2 Ne5 14. Bxe5 Qxe5 15.
Nc4 Qe7 16. Re1 Rb8 17. a5 Bd7 18. Qb3 Red8 19. e4 Nh5 20. Kh2 Bd4 21. Re2 Qg5
22. Nd1 Bb5 23. Nde3 Be5 24. Nxe5 Bxe2 25. N5c4 Qf6 26. f4 Re8 27. Re1 Bxc4 28.
Nxc4 Re7 29. e5 dxe5 30. fxe5 Qf2 31. Rf1 Qe2 32. g4 Ng7 33. Kg1 Rxe5 34. Bf3
Qxf1+ 35. Kxf1 Rbe8 36. Nxe5 Rxe5 37. Qxb7 Ne8 38. Qb8 f6 39. d6 Kf7 40. d7 1-0

[Event "Online Olym Div2 C 2021"]
[Site "chess.com INT"]
[Date "2021.09.03"]
[Round "5.3"]
[Board "5"]
[White "Bronstein, Or"]
[Black "De Silva, L M S T"]
[Result "1-0"]
[WhiteTitle "IM"]
[BlackTitle "FM"]
[WhiteElo "2484"]
[BlackElo "2085"]
[WhiteTeam "Israel"]
[BlackTeam "Sri Lanka"]
[WhiteFideId "2815770"]
[BlackFideId "9953698"]
[EventDate "2021.09.02"]
[EventType "team"]

1. d4 Nf6 2. c4 e6 3. Nc3 Bb4 4. Qc2 d6 5. e3 O-O 6. Bd3 Nc6 7. Ne2 e5 8. a3
Bxc3+ 9. Qxc3 Qe7 10. O-O Bg4 11. Ng3 h5 12. d5 Nb8 13. e4 h4 14. Nf5 Bxf5 15.
exf5 Re8 16. Bc2 c6 17. Rd1 cxd5 18. cxd5 Nbd7 19. Qh3 Rac8 20. Ba4 a6 21. Bg5
b5 22. Bb3 e4 23. Qxh4 Qe5 24. Qg3 1-0

[Event "Online Olym Div2 C 2021"]
[Site "chess.com INT"]
[Date "2021.09.03"]
[Round "5.3"]
[Board "6"]
[White "Sanudula, K M Dahamdi"]
[Black "Katkov, Michelle"]
[Result "1-0"]
[WhiteTitle "WCM"]
[BlackTitle "WFM"]
[WhiteElo "1717"]
[BlackElo "2051"]
[WhiteTeam "Sri Lanka"]
[BlackTeam "Israel"]
[WhiteFideId "9932470"]
[BlackFideId "2816393"]
[EventDate "2021.09.02"]
[EventType "team"]

1. d4 Nf6 2. e3 e6 3. Bd3 d5 4. Nd2 c5 5. c3 Bd6 6. f4 Nc6 7. Ngf3 Ng4 8. Qe2
cxd4 9. cxd4 Nb4 10. Bb1 b6 11. Ne5 Nxe5 12. fxe5 Ba6 13. Qd1 Be7 14. Qa4+ Qd7
15. Qxd7+ Kxd7 16. Nf3 Rac8 17. Bd2 Nd3+ 18. Bxd3 Bxd3 19. Bc3 b5 20. a3 Rc7 21.
Rd1 Be4 22. O-O Rb8 23. Nd2 Bg6 24. Rc1 Rbc8 25. Nb3 Ke8 26. Bb4 Bxb4 27. axb4
Rc4 28. Nc5 Rxb4 29. b3 a5 30. Ra1 Ra8 31. Rfc1 a4 32. Ra3 Rc8 33. bxa4 bxa4 34.
Rca1 Rb2 35. Rxa4 Re2 36. R4a3 Rb8 37. Kf1 Reb2 38. R1a2 Rb1+ 39. Kf2 Be4 40.
Ra8 Rb2+ 41. Rxb2 Rxa8 42. Nxe4 dxe4 43. Kg3 f5 44. exf6 gxf6 45. Kf4 f5 46. Ke5
Ra6 47. Rb7 h6 48. Rh7 Ra2 49. Kxe6 Kf8 50. Kxf5 Rxg2 51. Rxh6 Kg7 52. Rh5 Re2
53. Kxe4 Kg6 54. Rh8 Kg7 55. Rh3 Kf6 56. d5 Rd2 57. d6 Ke6 58. Rh6+ Kd7 59. Ke5
Kc6 60. e4 Re2 61. h4 Re1 62. Rh7 Rd1 63. d7 Kc7 64. Ke6 Rd6+ 65. Ke5 Rd1 66. h5
Rd2 67. h6 Ra2 68. Kf5 Rf2+ 69. Ke6 Ra2 70. e5 Ra5 71. Rh8 Ra6+ 72. Ke7 1-0

[Event "Online Olym Div2 C 2021"]
[Site "chess.com INT"]
[Date "2021.09.03"]
[Round "5.4"]
[Board "1"]
[White "Hellers, Ferdinand"]
[Black "Aagaard, Jacob"]
[Result "1/2-1/2"]
[WhiteTitle "GM"]
[BlackTitle "GM"]
[WhiteElo "2592"]
[BlackElo "2477"]
[WhiteTeam "Sweden"]
[BlackTeam "Scotland"]
[WhiteFideId "1700022"]
[BlackFideId "1401815"]
[EventDate "2021.09.02"]
[EventType "team"]

1. e4 c5 2. Nf3 Nc6 3. d4 cxd4 4. Nxd4 Nf6 5. Nc3 e5 6. Ndb5 d6 7. Bg5 a6 8. Na3
b5 9. Nd5 Be7 10. Bxf6 Bxf6 11. c3 Ne7 12. Nxf6+ gxf6 13. Bd3 Bb7 14. Qe2 d5 1/2-1/2

[Event "Online Olym Div2 C 2021"]
[Site "chess.com INT"]
[Date "2021.09.03"]
[Round "5.4"]
[Board "2"]
[White "Greet, Andrew N"]
[Black "Blomqvist, Erik"]
[Result "1/2-1/2"]
[WhiteTitle "IM"]
[BlackTitle "GM"]
[WhiteElo "2401"]
[BlackElo "2536"]
[WhiteTeam "Scotland"]
[BlackTeam "Sweden"]
[WhiteFideId "405817"]
[BlackFideId "1709437"]
[EventDate "2021.09.02"]
[EventType "team"]

1. e4 c5 2. Nc3 g6 3. d4 cxd4 4. Qxd4 Nf6 5. Be3 Nc6 6. Qd2 d6 7. f3 h5 8. O-O-O
Bg7 9. Nh3 Bxh3 10. gxh3 Rc8 11. f4 Qa5 12. a3 a6 13. Bg2 O-O 14. Kb1 b5 15. Nd5
Nxd5 16. exd5 Qxd2 17. Rxd2 Na5 18. Re2 Bf6 19. Bc1 Rc7 20. Be4 Kg7 21. Rg1 Rh8
22. f5 g5 23. Bxg5 Bxg5 24. h4 Nc4 25. hxg5 h4 26. g6 Ne5 27. f6+ exf6 28. gxf7+
Kf8 29. Reg2 Rxf7 30. Bf5 Nf3 31. Rf1 h3 32. Rgf2 Ne5 33. Be6 Rg7 34. Rxf6+ Ke7
35. a4 Rg2 36. axb5 axb5 37. R6f2 Rh4 38. b3 Rh8 39. Kb2 b4 40. Kb1 1/2-1/2

[Event "Online Olym Div2 C 2021"]
[Site "chess.com INT"]
[Date "2021.09.03"]
[Round "5.4"]
[Board "3"]
[White "Cramling, Pia"]
[Black "Arakhamia-Grant, Ketevan"]
[Result "1-0"]
[WhiteTitle "GM"]
[BlackTitle "GM"]
[WhiteElo "2455"]
[BlackElo "2380"]
[WhiteTeam "Sweden"]
[BlackTeam "Scotland"]
[WhiteFideId "1700030"]
[BlackFideId "13600168"]
[EventDate "2021.09.02"]
[EventType "team"]

1. d4 g6 2. c4 Bg7 3. e4 d6 4. Nc3 Nd7 5. Nf3 e6 6. Be2 Ne7 7. O-O b6 8. Re1 h6
9. Be3 O-O 10. Qd2 Kh7 11. Bd3 Bb7 12. h4 Nf6 13. Nh2 c5 14. d5 exd5 15. cxd5
Bc8 16. Rad1 a6 17. a4 Ra7 18. Rb1 Re8 19. b4 h5 20. a5 cxb4 21. Na2 Nd7 22.
axb6 Ra8 23. Nxb4 Bb7 24. Rec1 Nc5 25. Bxc5 dxc5 26. Rxc5 Qxb6 27. Nxa6 Qd6 28.
Rxb7 Rxa6 29. Bxa6 Qxc5 30. Nf3 Nc8 31. Rxf7 Nd6 32. Ng5+ Kg8 33. Rd7 Nxe4 34.
Nxe4 Rxe4 35. Bd3 Rd4 36. Qe2 Kh7 37. g3 Qc3 38. Be4 Qc1+ 39. Kg2 Kh6 40. Rd6
Rd2 41. Rxg6+ Kh7 42. Rc6+ Kg8 43. Qxh5 Rxf2+ 44. Kxf2 Bd4+ 45. Kg2 Qg1+ 46. Kh3
Qf1+ 47. Bg2 1-0

[Event "Online Olym Div2 C 2021"]
[Site "chess.com INT"]
[Date "2021.09.03"]
[Round "5.4"]
[Board "4"]
[White "Cooke, Suzie G."]
[Black "Frisk, Ellinor"]
[Result "0-1"]
[WhiteTitle "WFM"]
[BlackTitle "WIM"]
[WhiteElo "1915"]
[BlackElo "2176"]
[WhiteTeam "Scotland"]
[BlackTeam "Sweden"]
[WhiteFideId "414930"]
[BlackFideId "1708481"]
[EventDate "2021.09.02"]
[EventType "team"]

1. d4 d5 2. Bf4 c5 3. e3 Nc6 4. c3 Qb6 5. Qb3 Nf6 6. Nd2 e6 7. Qxb6 axb6 8. Bc7
Nd7 9. Ngf3 f6 10. Bd3 Kf7 11. O-O Be7 12. e4 c4 13. Bc2 b5 14. a3 Ndb8 15. exd5
exd5 16. h3 Na6 17. Bg3 Bd7 18. Rfe1 g6 19. Re2 Rhe8 20. Rae1 Bf8 21. Nf1 Rxe2
22. Rxe2 Re8 23. Rxe8 Kxe8 24. Ne3 Be6 25. Bf4 Kd7 26. Kh2 Nc7 27. g4 Ne8 28. g5
fxg5 29. Nxg5 Bg8 30. Ng4 Bg7 31. Nf3 Nd6 32. Nge5+ Nxe5 33. Nxe5+ Ke6 34. Kg2
Nf5 35. Kf3 Bf6 36. Kg4 Nd6 37. h4 Ke7 38. h5 Be6+ 39. Kf3 gxh5 40. Bxh7 Bf5 41.
Bxf5 Nxf5 42. Kg2 Ke6 43. Ng6 Ne7 44. Ne5 Kf5 45. Bg3 Ng6 46. Kf3 Nxe5+ 47. dxe5
Bxe5 48. Bh4 d4 49. cxd4 Bxd4 50. Be7 Bxb2 51. Ke3 Bf6 52. Bd6 h4 53. Kf3 Be5
54. Be7 h3 55. Bb4 c3 56. Ba5 c2 57. Bd2 h2 58. Kg2 Ke4 0-1

[Event "Online Olym Div2 C 2021"]
[Site "chess.com INT"]
[Date "2021.09.03"]
[Round "5.4"]
[Board "5"]
[White "Pantzar, Milton"]
[Black "Gordon, Frederick"]
[Result "1-0"]
[WhiteTitle "IM"]
[WhiteElo "2423"]
[BlackElo "1456"]
[WhiteTeam "Sweden"]
[BlackTeam "Scotland"]
[WhiteFideId "1721003"]
[BlackFideId "2409143"]
[EventDate "2021.09.02"]
[EventType "team"]

1. d4 d5 2. c4 e6 3. Nc3 Nf6 4. cxd5 exd5 5. Bg5 c6 6. e3 Be7 7. Bd3 h6 8. Bh4
Nbd7 9. Qc2 Nh5 10. Bxe7 Qxe7 11. O-O-O Nhf6 12. Kb1 O-O 13. Nge2 Re8 14. Ng3
Nb6 15. Rhe1 Be6 16. f3 c5 17. dxc5 Qxc5 18. Nb5 Qxc2+ 19. Bxc2 Re7 20. b3 g6
21. Ne2 Bd7 22. Ned4 Bxb5 23. Nxb5 a6 24. Nc3 Rae8 25. e4 Kg7 26. Rf1 dxe4 27.
Bxe4 Rc7 28. Kb2 Rec8 29. Rc1 Nxe4 30. Nxe4 Rxc1 31. Rxc1 Rxc1 32. Kxc1 Nd7 33.
Kd2 f5 34. Nd6 b6 35. Ne8+ Kf7 36. Nc7 a5 37. Kd3 Ke7 38. Nb5 Ne5+ 39. Kd4 Nc6+
40. Kc4 Kd7 41. a3 Ne5+ 42. Kd4 Ke6 43. f4 Nc6+ 44. Kc4 Ne7 45. g3 Kd7 46. Nd4
Kd6 47. Kb5 Nc8 48. Nf3 Kd5 49. Nh4 g5 50. fxg5 hxg5 51. Nxf5 Ke4 52. g4 Kf3 53.
Nh6 Kg2 54. Kc6 Kxh2 55. a4 Kg3 56. Kc7 Ne7 57. Kxb6 Nd5+ 58. Kxa5 Nf6 59. b4
Nxg4 60. Nxg4 Kxg4 61. b5 Kf3 62. b6 g4 63. b7 g3 64. b8=Q g2 65. Qb6 Ke2 66.
Qg1 1-0

[Event "Online Olym Div2 C 2021"]
[Site "chess.com INT"]
[Date "2021.09.03"]
[Round "5.5"]
[Board "1"]
[White "Ashiku, Franc"]
[Black "Potpara, Nikola"]
[Result "0-1"]
[WhiteTitle "IM"]
[WhiteElo "2421"]
[BlackElo "2374"]
[WhiteTeam "Albania"]
[BlackTeam "Montenegro"]
[WhiteFideId "4700066"]
[BlackFideId "910058"]
[EventDate "2021.09.02"]
[EventType "team"]

1. d4 Nf6 2. c4 e6 3. Nc3 Bb4 4. e3 b6 5. Bd2 Bb7 6. Nf3 O-O 7. Bd3 d5 8. cxd5
exd5 9. O-O Nbd7 10. Ne5 Nxe5 11. dxe5 Nd7 12. f4 Nc5 13. Bb1 d4 14. Ne2 Bxd2
15. Qxd2 dxe3 16. Qxe3 Qd5 17. Qg3 Ba6 18. Nc3 Qd4+ 19. Qf2 Rad8 20. Qxd4 Rxd4
21. Rf3 f6 22. exf6 Rxf6 23. b4 Ne6 24. f5 Ng5 25. Re3 h5 26. a3 h4 27. Ba2+ Kh7
28. Rd1 Rxd1+ 29. Nxd1 Rd6 30. Nc3 Bb7 31. Re7 Rc6 32. f6 Rxc3 33. fxg7 Rc1+ 34.
Kf2 Rc2+ 0-1

[Event "Online Olym Div2 C 2021"]
[Site "chess.com INT"]
[Date "2021.09.03"]
[Round "5.5"]
[Board "2"]
[White "Sukovic, Andrej"]
[Black "Pasko, Llambi"]
[Result "0-1"]
[WhiteTitle "FM"]
[BlackTitle "IM"]
[WhiteElo "2311"]
[BlackElo "2411"]
[WhiteTeam "Montenegro"]
[BlackTeam "Albania"]
[WhiteFideId "16502310"]
[BlackFideId "4701178"]
[EventDate "2021.09.02"]
[EventType "team"]

1. e4 c6 2. Nc3 d5 3. d4 dxe4 4. Nxe4 Bf5 5. Ng3 Bg6 6. h4 h6 7. Nf3 Nd7 8. h5
Bh7 9. Bd3 Bxd3 10. Qxd3 e6 11. Bd2 Ngf6 12. O-O-O Qc7 13. Qe2 O-O-O 14. Ne5 Nb6
15. Ba5 Bd6 16. f4 c5 17. Kb1 Rhf8 18. Ne4 Bxe5 19. dxe5 Nxe4 20. Qxe4 Rxd1+ 21.
Rxd1 Rd8 22. Rxd8+ Qxd8 23. b3 Qd1+ 24. Kb2 Nd5 25. c4 Nb4 26. Bxb4 cxb4 27. Qe3
b6 28. c5 Qxh5 29. cxb6 axb6 30. Qe4 Kc7 31. Qc4+ Kb7 32. Qd3 Kc8 33. Qb5 Kc7
34. Qc4+ Kb7 35. Qd3 Kc7 36. Qd6+ Kb7 37. Qd7+ Ka6 38. Qa4+ Kb7 39. Qd7+ Ka6 40.
Qc8+ Ka5 41. Qa8+ Kb5 42. Qe8+ Kc5 43. Qc8+ Kd4 44. Qc4+ Ke3 45. Qxb4 Qe2+ 46.
Ka3 Qa6+ 47. Kb2 Kf2 48. Qd2+ Kg3 49. a4 h5 50. Ka3 h4 51. Qe1+ Kg4 52. Qe3 Qf1
53. Qh3+ Kxf4 54. Qxh4+ Kxe5 55. Qg5+ Kd6 56. Qxg7 Qc1+ 57. Kb4 Qc5# 0-1

[Event "Online Olym Div2 C 2021"]
[Site "chess.com INT"]
[Date "2021.09.03"]
[Round "5.5"]
[Board "3"]
[White "Gjergji, Rozana"]
[Black "Koljevic, Nikolina"]
[Result "0-1"]
[WhiteTitle "WCM"]
[WhiteElo "1920"]
[BlackElo "1950"]
[WhiteTeam "Albania"]
[BlackTeam "Montenegro"]
[WhiteFideId "4700147"]
[BlackFideId "16503945"]
[EventDate "2021.09.02"]
[EventType "team"]

1. e4 c6 2. d4 d5 3. Nc3 dxe4 4. Nxe4 Nf6 5. Ng3 Qc7 6. Nf3 Bg4 7. Be2 e6 8. h3
Bxf3 9. Bxf3 Bd6 10. Ne4 Nxe4 11. Bxe4 Nd7 12. c4 Nf6 13. Bf3 O-O 14. O-O h6 15.
Be3 e5 16. c5 Be7 17. dxe5 Qxe5 18. Qc2 Nd5 19. Bxd5 Qxd5 20. Rfd1 Qe6 21. Re1
Rfe8 22. a3 Bf6 23. Rad1 Qe5 24. b4 Rad8 25. Qc4 Qc3 26. Qg4 Kf8 27. a4 Bd4 28.
Bd2 Bxf2+ 29. Kxf2 Rxd2+ 30. Kg1 Rxe1+ 31. Rxe1 Qd4+ 32. Qxd4 Rxd4 33. Rb1 a5
34. bxa5 Rxa4 35. Rxb7 Rxa5 36. Kf2 Rxc5 37. Rc7 Rc3 38. Ke2 Rc2+ 39. Kf3 g6 40.
g4 Rc3+ 41. Kf4 Kg7 42. Ke4 Kf6 43. Kf4 c5 44. h4 c4 45. Rc6+ Kg7 46. Ke4 Rc1
47. Kd4 Rg1 48. g5 Rg4+ 49. Kc3 Rxh4 50. gxh6+ Kxh6 51. Rc8 Kg5 52. Rc5+ f5 53.
Kd2 Re4 54. Ra5 Kf4 0-1

[Event "Online Olym Div2 C 2021"]
[Site "chess.com INT"]
[Date "2021.09.03"]
[Round "5.5"]
[Board "4"]
[White "Radosevic, Nevena"]
[Black "Shabanaj, Eglantina"]
[Result "0-1"]
[BlackTitle "WCM"]
[WhiteElo "1693"]
[BlackElo "2014"]
[WhiteTeam "Montenegro"]
[BlackTeam "Albania"]
[WhiteFideId "900435"]
[BlackFideId "4700562"]
[EventDate "2021.09.02"]
[EventType "team"]

1. d4 d5 2. c4 c6 3. Nf3 e6 4. Nc3 f5 5. Bf4 Nf6 6. e3 Be7 7. cxd5 exd5 8. g3
O-O 9. Bg2 Nbd7 10. O-O Ne4 11. Ne5 Qe8 12. Nxd7 Bxd7 13. f3 Nxc3 14. bxc3 Bf6
15. e4 fxe4 16. fxe4 dxe4 17. Qb3+ Rf7 18. Qxb7 Bf5 19. Qb3 Be6 20. Qc2 Bc4 21.
Rfe1 Bd3 22. Qd2 Re7 23. Bf1 Bxf1 24. Kxf1 Qh5 25. Qe2 Qf5 26. Kg1 h5 27. Rab1
Qd5 28. Qd2 h4 29. Re2 h3 30. Rbe1 Rae8 31. Be3 Qc4 32. Qc2 Kh8 33. Bf4 Qd5 34.
Qb3 Qh5 35. Qc2 Qf5 36. Qa4 c5 37. Rf1 Qg4 38. Rfe1 Qf3 39. Qc4 cxd4 40. cxd4 e3
41. Qb5 Bxd4 42. Qg5 Bf6 43. Qc5 Re4 44. Qxa7 Bd4 45. Qa5 Qg4 46. Qg5 Rxf4 47.
Qxg4 Rxg4 48. a4 Ba7 49. Ra1 Rd4 50. Kf1 Rd2 51. a5 Rf8+ 52. Ke1 Rxe2+ 53. Kxe2
Rf2+ 54. Kd3 Rxh2 55. Rc1 Rg2 56. Rc7 e2 0-1

[Event "Online Olym Div2 C 2021"]
[Site "chess.com INT"]
[Date "2021.09.03"]
[Round "5.5"]
[Board "5"]
[White "Ramaj, Ergit"]
[Black "Vujovic, Savo"]
[Result "1-0"]
[WhiteElo "1610"]
[BlackElo "2151"]
[WhiteTeam "Albania"]
[BlackTeam "Montenegro"]
[WhiteFideId "4703669"]
[BlackFideId "16504020"]
[EventDate "2021.09.02"]
[EventType "team"]

1. e4 c5 2. b4 e5 3. Nf3 Nc6 4. b5 Nd4 5. Nc3 Nf6 6. Bc4 d6 7. Ng5 Ne6 8. d3 h6
9. Nxe6 Bxe6 10. O-O Be7 11. f4 exf4 12. Bxf4 O-O 13. Qf3 Qd7 14. h3 Rad8 15.
Rae1 Rfe8 16. Bxe6 fxe6 17. e5 dxe5 18. Bxe5 Rf8 19. Qg3 Bd6 20. Bxd6 Qxd6 21.
Qg6 Qd4+ 22. Kh1 Qxc3 23. Rxe6 Rde8 24. Rexf6 Rxf6 25. Qxe8+ Kh7 26. Qe4+ Kh8
27. Rxf6 Qxf6 28. Qxb7 Qa1+ 29. Kh2 Qxa2 30. Qc8+ Kh7 31. Qxc5 Qa1 32. d4 Kh8
33. c4 Qc1 34. Qf8+ Kh7 35. c5 Qc3 36. Qf4 Qc4 37. c6 Qxb5 38. c7 Qd7 39. Qe4+
Kg8 40. Qa8+ 1-0